States That Beat Minas Gerais - Statistics

General Stats
  • This quiz has been taken 27 times
  • The average score is 9 of 10
Answer Stats
Hint Answer % Correct
Size (4) Amazonas, Pará, Mato Grosso
100%
Population (2) São Paulo
100%
Highest Population City (5) São Paulo, Rio de Janeiro, Ceará, Bahia
95%
Name Length (7) Rio Grande do Norte, Mato Grosso do Sul, Rio Grande do Sul, Espírito Santo, Santa Catarina, Rio de Janeiro
86%
Highest Life Expectancy (6) Santa Catarina, Espírito Santo, São Paulo, Rio Grande do Sul, Paraná
86%
Sugarcane Harvest - Metric Tons (2) São Paulo
86%
Human Development Index (HDI) (3) São Paulo, Santa Catarina
86%
Lowest Homicide Rate (3) São Paulo, Santa Catarina
82%
Capital city, alphabetically (3) Sergipe, Pará
73%
Highest Point (2 - t) Amazonas, Espírito Santo
68%
No matching quizzes found
Score Distribution
Percent of People with Each Score
Percentile by Number Answered
Your Score History
You have not taken this quiz